El arte de ser persona /

Shranjeno v:
Bibliografske podrobnosti
Glavni avtor: Buscaglia, Leo (autor)
Format: Knjiga
Jezik:španščina
Izdano: México : Diana, 1987, c1987
Teme:
Oznake: Označite
Brez oznak, prvi označite!

MARC

LEADER 00000nam^a2200000^a^4500
001 000131678
005 20250521000000.0
009 20260310095030.412
020 |a 968-13-1795-5 
037 |a Acervo ITESO - Biblioteca 
041 |a ESP 
082 |a 158.  |b BUS 
100 |a Buscaglia, Leo  |e (autor) 
245 1 3 |a El arte de ser persona /  |c L. Buscaglia ; tr. por María Teresa Tellechea de Salmerón. 
264 4 |a México :  |b Diana,  |c 1987, c1987 
300 |a 159 p. 
336 |a texto  |b txt  |2 rdacontenido 
337 |a sin mediación  |b n  |2 rdamedio 
338 |a volumen  |b nc  |2 rdasoporte 
500 |a Traducción de: Personhood 
649 |a XX 
650 |a Superación Personal y Autoayuda 
650 |a Calidad de Vida 
650 |a Desarrollo Humano 
650 |a Psicología 
650 |a Etica 
910 |a Fondo General 
920 |a Impresos - Libros 
930 |a Colección General 
905 |a 101 
901 |a 0500061295  |b IT1  |c ACC  |u 20250521 
902 |a https://opac.biblio.iteso.mx/vufind/Record/000131678